000 00613nam a2200241Ia 4500
005 20250425161922.0
008 250425s9999 xx 000 0 und d
041 _aspa
043 _aec
082 _a312
100 _aCEPAR, CEPAR
245 0 _aENDEMAIN-94: ECUADOR ENCUESTA DEMOGRAFICA Y DE SALUD MATERNA E INFANTIL
250 _a1A ED.
260 _aEcuador
_bCEPAR. CENTRO DE ESTUDIOS DE POBLACION Y PATERNIDAD RESPONSABLE
_c1995
260 _aQUITO
300 _a247
650 _aECUADOR
650 _aESTADISTICAS
650 _aSALUD
710 _aCEPAR
942 _c01
010 _a34922
999 _c218848
_d218848